Loading...
Fine Arts - Classical Music | 0 | 11 | 0 | 1 | 110 | 71 | 106.00 | 0 | 1 |
History - American History | 0 | 7 | 2 | 1 | 60 | 30 | 100.71 | 2 | 2 |
Literature - British Literature | 0 | 6 | 1 | 2 | 55 | 86 | 133.00 | 0 | 1 |
Literature - European Literature | 0 | 5 | 0 | 0 | 50 | 111 | 126.20 | 0 | 1 |
History - European History | 0 | 5 | 1 | 0 | 45 | 88 | 120.80 | 0 | 0 |
Literature - World Literature | 0 | 4 | 2 | 0 | 30 | 106 | 136.00 | 0 | 1 |
Geography | 0 | 3 | 0 | 2 | 30 | 134 | 141.33 | 0 | 0 |
Religion | 0 | 3 | 1 | 2 | 25 | 90 | 131.67 | 0 | 1 |
Literature - American Literature | 0 | 3 | 1 | 0 | 25 | 117 | 140.00 | 0 | 0 |
Social Science | 0 | 3 | 2 | 1 | 20 | 26 | 82.00 | 1 | 2 |
History - Other History | 0 | 2 | 0 | 0 | 20 | 125 | 132.00 | 0 | 0 |
History - World History | 0 | 2 | 0 | 0 | 20 | 115 | 128.50 | 0 | 1 |
Current Events | 0 | 2 | 0 | 0 | 20 | 122 | 126.50 | 0 | 0 |
Other Academic | 0 | 2 | 1 | 0 | 15 | 120 | 134.50 | 0 | 0 |
Mythology | 0 | 1 | 0 | 0 | 10 | 68 | 68.00 | 1 | 1 |
Fine Arts - Other Fine Arts | 0 | 1 | 0 | 0 | 10 | 107 | 107.00 | 0 | 1 |
Science - Biology | 0 | 1 | 0 | 0 | 10 | 138 | 138.00 | 0 | 0 |
Fine Arts - Painting & Sculpture | 0 | 2 | 2 | 1 | 10 | 133 | 140.00 | 0 | 0 |
Philosophy | 0 | 1 | 3 | 0 | -5 | 128 | 128.00 | 0 | 0 |